01535nam a22002774c 4500003000900000008004100009020001800050040003100068041001900099080001000118100002800128245002900156250002200185264003700207300004100244336002700285337003300312338002800345520067900373521002501052650002701077700003901104942001401143999001301157952008701170AR-BaSMT230616t2025 aga|||br|||| 00| 1 spa d a9789504990789 aBSGBbespañolcBSGBerda0 aspahespañol a82-311 aBonelli, Florencia947013aEl príncipe del bosque aprimera edición aBuenos Aires : bPlaneta, c2025 a72 páginas : bilustraciones color 2rdacontentatextobtxt 2rdamediaasin mediaciónbn 2rdacarrieravolumenbnc1 aUna historia sobre la amistad y el valor de la verdad. Alertado por su mejor amiga Emma, el príncipe Gabriel debe huir al bosque mágico con su perra Gypsy, para escapar de quienes derrocaron a su padre, el rey Kael del Reino de la Alegría. En el bosque no solo deberá ganarse la confianza de los animales que allí habitan y del sabio ombú, sino que también tendrá que aprender a oír y a observar, hasta que llegue el momento de recuperar lo que le fue arrebatado. En esta historia de amistad, humildad y valentía, Florencia Bonelli nos sumerge en un universo mágico y nos recuerda el valor de la verdad y de luchar por lo que creemos correcto.uPortada aA partir de 9 años 798aLITERATURA INFANTIL1 aMorón, MartíneIlustrador9386 2ddcaBOOK c637d637 00102ddc40aBSGBbBSGBcCelesteeComprai000881l0o82-31 BONp000881t1yBOOKf